| 000 | 00476nam a2200181Ia 4500 | ||
|---|---|---|---|
| 008 | 220216s9999 xx 000 0 und d | ||
| 100 |
_aEastburn D M _cet al |
||
| 245 | 0 | _aInfluence of atmospheric and climatic change on plant-pathogen interactions | |
| 260 |
_bPlant Pathology _c2011 |
||
| 300 | _a54-69 | ||
| 650 | _aCO2 | ||
| 650 | _aFACE | ||
| 650 | _aMicroarray | ||
| 650 | _aOzone (O3) | ||
| 650 | _aPlant disease | ||
| 650 | _aSignal transduction | ||
| 942 | _cJS | ||
| 999 |
_c61176 _d61176 |
||